Cálculo Plástico de la construcción
| Main Author: | |
|---|---|
| Format: | Section = Libro |
| Language: | Undetermined Spanish |
| Published: |
Barcelona
Montaner y Simón
1966
|
| Subjects: |
| LEADER | 00529nam a2200181Ia 4500 | ||
|---|---|---|---|
| 008 | 240829s9999 xx 000 0 und d | ||
| 040 | |a BIBLIOTECA-RUPAP 624.171 M419 | ||
| 041 | |a spa | ||
| 082 | |a 624.171 M419 | ||
| 100 | 1 | |a Massonnet, CH. | |
| 245 | 1 | 0 | |a Cálculo Plástico de la construcción |
| 260 | |a Barcelona |b Montaner y Simón |c 1966 | ||
| 300 | |a 868 p. :il. | ||
| 650 | 7 | |a CONSTRUCCIONES-CÁLCULO PRACTICO | |
| 650 | 7 | |b ESTRUCTURAS-TEORIA. I. Save, M., coaut. II. Tít. | |
| 942 | |c BK |2 ddc | ||
| 991 | |a TEXTO | ||
| 999 | |c 9455 | ||